000 00229nam a2200097Ia 4500
001 659140
005 20250826154649.0
008 250824s9999 xx 000 0 und d
245 0 _aMARTI SU HER DENEY BİR EĞLENCE
260 _bMARTI
999 _c659140
_d659140